00385nam a2200109Ia 4500008004100000245010200041260003500143260000900178300000900187650001300196856006600209170516s9999 xx 000 0 und d aDesign and In Vitro Characterization of Dexlansoprazole Controlled Release Tablets Y Naveen Kumar bAsian Journal of Pharmaceutics c2016 a10:4 xPharmacy uhttp://www.asiapharmaceutics.info/index.php/ajp/issue/view/71